000 00310nam a22001337a 4500
003 SGT
020 _a9788887400204
082 _a615.190
_bLAM
100 _aLAMBERT HOLLY
245 _aCOMPUTER AIDED DRUG DISCOVERY AND DESIGN
260 _aUSA
_bAMERICAN MED PUB
_c2022
300 _a229
942 _2ddc
_cBK
999 _c34496
_d34496